000 00306nam a22001337a 4500
003 SGT
082 _a370
_bC14K
100 _aKUMAR, SANJEEV
245 _aCOMMUNITY PARTICIPATION IN ELEMENTARY EDUCATION
260 _aNEW DELHI
_bINDIAN PUB
_c2014
300 _a315
650 _aEDUCATION
942 _2ddc
_cBK
999 _c12054
_d12054